000 00469nam a2200157 4500
001 121139
003 ES-MaACL
005 20230906191710.0
007 t|
008 070214s1920 cu r ||||1| spa d
100 1 _aPresno y Bastiony, J. A.
_993785
245 1 0 _aClínica quirúrgica y técnica operatoria /
_cpor el Dr. J. A. Presno y Bastiony.
260 _aLa Habana :
_bEl siglo XX,
_c1920.
300 _a311 p., 50 lám. ;
_c24 cm.
852 _aES-MaACL
_jE-1508
999 _c121139
_d121139